| 000 | 00799cab a2200241 4500 | ||
|---|---|---|---|
| 001 | WB3142-14 | ||
| 008 | 090401t1995 xxu||||| |||| 00| 0 eng d | ||
| 035 | _a(Sirsi) u21975 | ||
| 041 | _aeng | ||
| 245 | _aEstate managers need more skill | ||
| 260 | _c1995 | ||
| 350 | _a0 | ||
| 490 |
_aProperty Week _v53(6) 9 November 1995, 5 |
||
| 490 |
_aFinancial Times _v10 November 1995, 28(1) |
||
| 520 | _aA study undertaken by the University of Reading and Oxford Brookes University reports on a need for estate managers to improve their property management skills. | ||
| 650 | _aESTATE MANAGERS | ||
| 650 | _aOPERATIONAL PROPERTY | ||
| 650 | _aOXFORD BROOKES UNIVERSITY | ||
| 650 | _aUNIVERSITY OF READING | ||
| 690 | _aCOMMERCIAL PROPERTY-MANAGEMENT | ||
| 942 | _n0 | ||
| 948 | _c04/03/1997 | ||
| 999 |
_c14720 _d14720 |
||